Diccionario Básico para la actualidad científica /

I tiakina i:
Ngā taipitopito rārangi puna kōrero
Kaituhi matua: Brennan, Richard P. (autor)
Hōputu: Pukapuka
Reo:Pāniora
I whakaputaina: Madrid, España : Celeste, 1994
Ngā marau:
Ngā Tūtohu: Tāpirihia he Tūtohu
Kāore He Tūtohu, Me noho koe te mea tuatahi ki te tūtohu i tēnei pūkete!

MARC

LEADER 00000nam^a2200000^a^4500
001 000038810
005 20250521000000.0
009 20260310085519.121
020 |a 84-87553-61-3 
037 |a Acervo ITESO - Biblioteca 
041 |a ESP 
082 |a 001. 03  |b BRE 
100 |a Brennan, Richard P.  |e (autor) 
245 1 0 |a Diccionario Básico para la actualidad científica /  |c R. P. Brennan; tr. por: Luis Bou. 
264 1 |a Madrid, España :  |b Celeste,  |c 1994 
300 |a 433 p. 
336 |a texto  |b txt  |2 rdacontenido 
337 |a sin mediación  |b n  |2 rdamedio 
338 |a volumen  |b nc  |2 rdasoporte 
500 |a Traducción de: Dictionary of scientific literacy 
500 |a Traducción de: Dictionary of scientific literacy 
649 |a XX 
650 |a Ciencia -  |x Enciclopedias y Diccionarios 
650 |a Ciencia -  |x Enciclopedias y Diccionarios 
650 |a Ciencia -  |x Enciclopedias y Diccionarios 
650 |a Ciencia -  |x Enciclopedias y Diccionarios 
910 |a Fondo General 
920 |a Impresos - Libros 
930 |a Obras de Referencia 
905 |a 102 
901 |a 0500000089  |b IT2  |c REF  |i 038810  |u 20250521 
901 |a 0500025582  |b IT2  |c REF  |u 20250521 
902 |a https://opac.biblio.iteso.mx/vufind/Record/000038810